000
00464nam a2200145Ia 4500
008
100122s9999 xx 000 0 und d
082
_b
35043
_a
823
100
_a
कुलकर्णी जी ए
245
_a
एक अरबी कहाणी
260
_b
विश्वमोहिनी प्रकाशन
_c
1983
300
_a
255
630
_a
एक अरबी कहाणी
730
_a
एक अरबी कहाणी
942
_c
BOOK
999
_c
418437
_d
418434